01564nam a2200277 i 4500003000400000005001700004008004100021020004000062040002500102082001400127100005300141245004200194264005800236264001100294300002300305336002100328337002500349338002300374520067600397650003301073650003001106650002201136651003101158651005401189655004301243OSt20241224121001.0241224t20222022tnu gr 000 f eng d a9780744307399qhardback cRM 182.62 aPPAKbengcPPAKerda04a813.62231 aMurphy, K. L.q(Kellie Larsen Murphy), eauthor.10aHER SISTER'S DEATH / cK. L. MURPHY.  1aBrentwood, Tennessee :bCamCat Publishing, LLC,c2022 4c©2022 a336 pages ;c23 cm atext2rdacontent aunmediated2rdamedia avolume2rdacarrier aWhen her sister is found dead in a Baltimore hotel room, reporter Val Ritter's world is turned upside down. An empty pill bottle at the scene leads the police to believe the cause of death is suicide. With little more than her own conviction, Val teams up with Terry Martin, a retired detective who has his own personal interest in the case, to prove that something more sinister is possible. In 1921, Bridget Wallace, a guest on the brink of womanhood, is getting ready to marry an eligible older man. But what seems like a comfortable match soon takes a dark turn. Does the illustrious history of the stately Franklin hotel hide another, lesser known history of death? 10aWomen journalistsvFiction. 20aSistersxDeathvFiction. 20aHotelsvFiction.  0aBaltimore (Md.)vFiction.  0aBaltimore (Md.)xHistoryy20th centuryvFiction.  7aDetective and mystery fiction.2lcgft